Statistics for Pokémon - Core Series games

Click here to take the quiz!

General Stats

  • This quiz has been taken 27 times
  • The average score is 30 of 36

Answer Stats

GenerationGame% Correct
Gen IPokémon Blue
100%
Gen IPokémon Red
100%
Gen IPokémon Yellow
100%
Gen VPokémon Black
95%
Gen IVPokémon Diamond
95%
Gen IIPokémon Gold
95%
Gen IIIPokémon Sapphire
95%
Gen IIPokémon Silver
95%
Gen VPokémon White
95%
Gen VPokémon Black 2
91%
Gen IIIPokémon Emerald
91%
Gen IVPokémon Pearl
91%
Gen VPokémon White 2
91%
Gen VIPokémon X
91%
Gen IIIPokémon FireRed
86%
Gen IIIPokémon LeafGreen
86%
Gen IIIPokémon Ruby
86%
Gen VIIIPokémon Shield
86%
Gen VIIIPokémon Sword
86%
Gen IVPokémon HeartGold
82%
Gen VIIPokémon Moon
82%
Gen IVPokémon Platinum
82%
Gen IVPokémon SoulSilver
82%
Gen VIIPokémon Sun
82%
Gen VIPokémon Alpha Sapphire
77%
Gen IIPokémon Crystal
77%
Gen IXPokémon Violet
77%
Gen VIPokémon Omega Ruby
73%
Gen IXPokémon Scarlet
73%
Gen VIIPokémon Ultra Moon
73%
Gen VIIPokémon Ultra Sun
73%
Gen VIIPokémon Let's Go, Pikachu!
68%
Gen VIIIPokémon Shining Pearl
68%
Gen VIIIPokémon Brilliant Diamond
64%
Gen VIIIPokémon Legends: Arceus
64%
Gen VIIPokémon Let's Go, Eevee!
64%

Score Distribution

Percentile by Number Answered

Percent of People with Each Score

Your Score History

You have not taken this quiz